000 00453nam a2200169Ia 4500
008 190717s9999 xx 000 0 und d
100 _aPunongbayan, Michael
245 _aAFP eyes more military assets from Russia/
245 _cMichael Punongbayan
260 _bThe Philippine Star
260 _c2018
300 _aPage 6, August 28
440 _aThe Philippine Star
_v33: 32
650 _aMilitary
650 _aPhilippines
650 _aRussia
999 _c361995
_d361995